Aktívna politika zamestnanosti v podmienkach SR bakalárska práca

Saved in:
Bibliographic Details
Main Author: Balážová, Ľubica
Corporate Author: Podnikovohospodárska fakulta EU so sídlom v Košiciach. Katedra ekonómie
Other Authors: Pančurová, Dana, 1988-
Format: Book
Language:Slovak
Published: Košice 2013
Tags: Add Tag
No Tags, Be the first to tag this record!

MARC

LEADER 00000nbm a2200000 4500
001 0172202
005 20240827091935.7
041 0 |a slo 
044 |a SK 
245 1 0 |a Aktívna politika zamestnanosti v podmienkach SR  |b bakalárska práca  |c Ľubica Balážová ; školiteľ: Dana Pančurová 
264 1 |a Košice  |c 2013 
300 |a 54 s. 
100 1 |a Balážová, Ľubica 
700 1 |a Pančurová, Dana, 1988- 
710 2 |a Podnikovohospodárska fakulta EU so sídlom v Košiciach. Katedra ekonómie